South American Heads of State - Statistics

General Stats
  • This quiz has been taken 15 times
    11 since last reset
  • The average score is 6 of 12
Answer Stats
Country Title President % Correct
Brazil President Dilma Rousseff
78%
Colombia President Juan Manuel Santos
78%
Venezuela President Nicolas Maduro
78%
Bolivia President Evo Morales
56%
Chile President Michelle Bachelet
56%
Peru President Ollanta Humala
56%
Ecuador President Rafael Correa
56%
Argentina President Cristina Fernandez de Kirchner
44%
Paraguay President Horacio Cartes
44%
Uruguay President Tabaré Vázquez
33%
Guyana President David Granger
22%
Suriname President Dési Bouterse
11%
No matching quizzes found
Score Distribution
Percent of People with Each Score
Percentile by Number Answered
Your Score History
You have not taken this quiz since the last reset